000
00311nam a2200121Ia 4500
008
190216s9999||||xx |||||||||||||| ||und||
100
_a
Wood F T
245
2
_a
A Remedial English Grammer For Foreign Students
260
_b
Macmillan India Ltd
_c
1965
300
_a
213p
650
_a
English Grammar
942
_c
BK
999
_c
12526
_d
12526